Queen Ratnasari

Bibliographic Details
Main Author: Fatiqa Oky
Corporate Author: Title
Other Authors: P.L Ooi
Format: Book
Published: Selangor : Penerbit Idaman , 2005
Series:Tales for pleasure
Subjects:

MARC

LEADER 00000cam a2200000 7i4500
001 0000001430
005 20151222.0
008 070705
020 |a 9832666740(set) 
020 |a 9832666805 
090 0 0 |a JF   |b ENG 
100 0 |a Fatiqa Oky 
245 1 0 |a Queen Ratnasari   |c Fatiqa Oky and P.L Ooi 
260 |a Selangor :   |b Penerbit Idaman ,   |c 2005 
440 |a Tales for pleasure 
500 |a Children ages 10-12 years old (pink) 
650 0 |a Fairy tales 
650 0 |a Junior fiction   |x English   |x Languages 
700 0 |a P.L Ooi 
710 0 |a Title 
999 |a 0000910127   |b Book   |c Teenagers   |e Cawangan Bandar Tenggara 
999 |a 0000965355   |b Book   |c Children Collection   |e Cawangan Kota Tinggi 
999 |a 0000965356   |b Book   |c Children Collection   |e Cawangan Sri Merlong 
999 |a 0000965357   |b Book   |c Children Collection   |e Cawangan Segamat 
999 |a 0000972863   |b Book   |c Children Collection   |e Cawangan Mersing 
999 |a 0000972864   |b Book   |c Children Collection   |e Cawangan Segamat 
999 |a 0000972866   |b Book   |c Children Collection   |e Cawangan Taman Universiti 
999 |a 0001043390   |b Book   |c Children Collection   |e Cawangan Tangkak 
999 |a 0001043391   |b Book   |c Children Collection   |e Cawangan Tangkak